000 00573nam a22002297a 4500
003 UA-OsUOA
001 92212
007 ta
008 20121211b un ||||| |||| 00| 0 ukr d
100 _aСент-Екзюпері А.
090 _a821.161.2
_bС31
942 _cBK
040 _aUA-OsUOA
_bukr
_cUA-OsUOA
_dUA-OsUOA
245 _aПланета людей
300 _a120 с.
955 _a3
041 _aukr
080 _a821.161.2
260 _aК.
_c1980
650 7 _a82 Література. Літературознавство
_2UDC
999 _c378437
_d378437